<?xml version="1.0" encoding="UTF-8"?>
<marc:record xmlns:marc="http://www.loc.gov/MARC21/slim">
   <marc:leader>00000nam a2200000 a 4500</marc:leader>
   <marc:datafield ind1="1" ind2=" " tag="100">
      <marc:subfield code="a">Wagenhoff, Anna</marc:subfield>
      <marc:subfield code="4">aut</marc:subfield>
      <marc:subfield code="e">Verfasser/-in</marc:subfield>
   </marc:datafield>
   <marc:datafield ind1="0" ind2="0" tag="245">
      <marc:subfield code="a">Jule darf auch mal traurig sein</marc:subfield>
   </marc:datafield>
   <marc:datafield ind1="0" ind2="0" tag="245">
      <marc:subfield code="c">von Anna Wagenhoff. Mit Bildern von Sigrid Leberer</marc:subfield>
   </marc:datafield>
   <marc:datafield ind1=" " ind2="1" tag="264">
      <marc:subfield code="a">Hamburg</marc:subfield>
      <marc:subfield code="b">Carlsen</marc:subfield>
      <marc:subfield code="c">2011</marc:subfield>
   </marc:datafield>
   <marc:datafield ind1="1" ind2=" " tag="490">
      <marc:subfield code="a">Lesemaus</marc:subfield>
   </marc:datafield>
   <marc:datafield ind1="1" ind2=" " tag="520">
      <marc:subfield code="a">Angaben aus der Verlagsmeldung

LESEMAUS, Band 129: Jule darf auch mal traurig sein / von Anna Wagenhoff

Jule hat einen dicken Kloß im Hals. Im Garten liegt eine tote Maus. Und dann ist auch noch Lotta so gemein zu ihr. Aber selbst der größte Kummer wird ein bisschen kleiner, wenn man jemandem davon erzählen kann ...
Diese Geschichte hilft Kindern, ihre Gefühle zu erkennen und zu verstehen. Mit Nachwort zum Thema für Eltern und Erzieher.
</marc:subfield>
   </marc:datafield>
   <marc:datafield ind1=" " ind2=" " tag="020">
      <marc:subfield code="a">9783551088291</marc:subfield>
      <marc:subfield code="9">9783551088291</marc:subfield>
   </marc:datafield>
</marc:record>
